RF Circuit design (Record no. 610708)
[ view plain ]
| 000 -LEADER | |
|---|---|
| fixed length control field | 00380nam a22001457a 4500 |
| 020 ## - INTERNATIONAL STANDARD BOOK NUMBER | |
| International Standard Book Number | 9788178083339 |
| 040 ## - CATALOGING SOURCE | |
| Transcribing agency | Nust |
| 082 ## - DEWEY DECIMAL CLASSIFICATION NUMBER | |
| Classification number | 621.3815 |
| Author Mark | LUD |
| 100 ## - MAIN ENTRY--PERSONAL NAME | |
| Personal name | Reinhold Ludwig |
| 9 (RLIN) | 124940 |
| 110 ## - MAIN ENTRY--CORPORATE NAME | |
| Corporate name or jurisdiction name as entry element | Pavel bretchko |
| 9 (RLIN) | 124941 |
| 245 ## - TITLE STATEMENT | |
| Title | RF Circuit design |
| 260 ## - PUBLICATION, DISTRIBUTION, ETC. | |
| Place of publication, distribution, etc. | New Delhi: |
| Name of publisher, distributor, etc. | Pearson education services, |
| Date of publication, distribution, etc. | 2002. |
| 650 ## - SUBJECT ADDED ENTRY--TOPICAL TERM | |
| Topical term or geographic name entry element | RF Circuit design |
| 9 (RLIN) | 124942 |
| 942 ## - ADDED ENTRY ELEMENTS (KOHA) | |
| Source of classification or shelving scheme | |
| Koha item type | Book |
| Withdrawn status | Lost status | Source of classification or shelving scheme | Damaged status | Not for loan | Permanent Location | Current Location | Shelving location | Date acquired | Total Checkouts | Full call number | Barcode | Date last seen | Price effective from | Koha item type |
|---|---|---|---|---|---|---|---|---|---|---|---|---|---|---|
| College of Electrical & Mechanical Engineering (CEME) | College of Electrical & Mechanical Engineering (CEME) | General Stacks | 08/01/2024 | 621.3815 LUD | CEME- 39232 | 08/01/2024 | 08/01/2024 | Book |
